Zmeny v odpisovaní hmotného majetku

Pokračovanie článku z HN č. 221/01 o zmenách v odpisovaní hmotného majetku. Odpisovanie prenajatých súborov zahrňujúcich hnuteľné veci a nehnuteľné veci. Odpisovanie hmotného a nehmotného majetku v spoluvlastníctve - príklady. Pokračovanie v ďalšom čísle.

Guardado en:
Detalles Bibliográficos
Autor principal: Kováčová, Zdenka
Formato: Capítulo de libro
Lenguaje:eslovaco
Materias:
Etiquetas: Agregar Etiqueta
Sin Etiquetas, Sea el primero en etiquetar este registro!

MARC

LEADER 00000naa a2200000 4500
001 r043287
005 20230801095618.8
041 0 |a slo 
044 |a SK 
245 1 0 |a Zmeny v odpisovaní hmotného majetku  |c Zdenka Kováčová 
520 |a Pokračovanie článku z HN č. 221/01 o zmenách v odpisovaní hmotného majetku. Odpisovanie prenajatých súborov zahrňujúcich hnuteľné veci a nehnuteľné veci. Odpisovanie hmotného a nehmotného majetku v spoluvlastníctve - príklady. Pokračovanie v ďalšom čísle. 
610 2 0 |a odpisy 
610 2 0 |a majetok hmotný 
610 2 0 |a majetok nehmotný 
610 2 0 |a prenájom 
610 2 0 |a spoluvlastníctvo 
610 2 0 |a Slovensko 
100 1 |a Kováčová, Zdenka